000 00565nam a22001937a 4500
005 20251108165911.0
008 250721s2000 xx 000 0 ara d
082 1 4 _a929.9565/مصا
100 1 _aالمصاروة، بشار محمد
245 1 0 _aعشائر مصاروة الجيزة (زيزياء) من 1864-1958م /
264 1 _aعمان :
_c2000.
300 _a422ص.
650 1 7 _aالعشائر
650 1 7 _aالأنساب
650 1 7 _aالأسرة الموسعة
650 1 7 _aالنظام العشائري
942 _2ddc
_cBK
999 _c34306
_d34306